Welcome to Marium Abdulla Library

Embrace knowledge with a breath of fresh air.

Browse Collection

Marium Abdulla Library

Story of Indus Civilization (Record no. 14370)

MARC details
000 -LEADER
fixed length control field 00350nam a22001457a 4500
005 - DATE AND TIME OF LATEST TRANSACTION
control field 20250626031024.0
008 - FIXED-LENGTH DATA ELEMENTS--GENERAL INFORMATION
fixed length control field 220311b |||||||| |||| 00| 0 eng d
020 ## - INTERNATIONAL STANDARD BOOK NUMBER
International Standard Book Number 9789692355001
040 ## - CATALOGING SOURCE
Transcribing agency IVS
082 ## - DEWEY DECIMAL CLASSIFICATION NUMBER
Classification number 934.2 /LAK
Item number 20693
100 ## - MAIN ENTRY--PERSONAL NAME
Personal name Lakhani, Hunaid
245 ## - TITLE STATEMENT
Title Story of Indus Civilization
300 ## - PHYSICAL DESCRIPTION
Extent 152 pages
942 ## - ADDED ENTRY ELEMENTS (KOHA)
Source of classification or shelving scheme Dewey Decimal Classification
Koha item type Book
Suppress in OPAC No
Holdings
Date last seen Total checkouts Full call number Barcode Date last checked out Price effective from Koha item type Lost status Source of classification or shelving scheme Damaged status Not for loan Collection Withdrawn status Home library Current library Shelving location Date acquired
05/25/2022 1 934.2 /LAK 20693 05/17/2022 03/11/2022 Book   Dewey Decimal Classification     Administration   Marium Abdulla Library Marium Abdulla Library Non-Ref 03/11/2022